00547nai a2200157Ia 4500003000900000008004100009022002200050022002300072040001600095245005300111260003400164310001200198362002600210521006900236856008400305IN-BaIIA211028c9999 xx s 000 0 eng d a0899-8418 (Print) a1097-0088 (Online) cIIA Library 0aInternational Journal Of Climatologyh[eJournal] aNew JerseybJohn Wiley & Sons a15/year a16(1); 1996 - Present bSubscribed through National Knowledge Resource Consortium (NKRC) uhttps://onlinelibrary.wiley.com/journal/10970088yClick Here to Access eJournal